Free and moving boundary problems /
Guardado en:
| Autor Principal: | |
|---|---|
| Formato: | Libro |
| Idioma: | English |
| Publicado: |
Oxford :
Clarendon Press,
1987, c1984.
|
| Series: | Oxford science publications
|
| Materias: | |
| Acceso en línea: | Publisher description |
| Etiquetas: |
Agregar Etiqueta
Sin Etiquetas, Sea el primero en etiquetar este registro!
|
| LEADER | 01151cam a2200253 a 4500 | ||
|---|---|---|---|
| 001 | MAT.inmabb004896 | ||
| 008 | 861027t19871984enka#####b####001#0#eng## | ||
| 005 | 20130319010704.0 | ||
| 245 | 1 | 0 | |a Free and moving boundary problems / |c John Crank. |
| 260 | |a Oxford : |b Clarendon Press, |c 1987, c1984. | ||
| 300 | |a x, 425 p. : |b il. ; |c 24 cm. | ||
| 440 | 0 | |a Oxford science publications | |
| 504 | |a Incluye referencias bibliográficas (p. [394]-408) e índices. | ||
| 505 | 0 | |a 1. Moving-Boundary Problems: Formulation -- 2. Free-Boundary Problems: Formulation -- 3. Analytical Solutions -- 4. Front-Tracking Methods -- 5. Front-Fixing Methods -- 6. Fixed-Domain Methods -- 7. Analytical Solution of Seepage Problems -- 8. Numerical Solution of Free-Boundary Problems. | |
| 510 | 4 | |a MR, |c 87m:35225a | |
| 020 | |a 0198533578 | ||
| 020 | |a 0198533705 (pbk.) | ||
| 100 | 1 | |a Crank, John. | |
| 650 | 0 | |a Boundary value problems. | |
| 084 | |a 35R35 (65P05 76-02 80A20) |2 MR | ||
| 010 | |a 86028484 | ||
| 040 | |a DLC |c DLC |d DLC | ||
| 856 | 4 | 2 | |3 Publisher description |u http://www.loc.gov/catdir/enhancements/fy0602/86028484-d.html |
| 859 | |h 35 |i C891 |p A-6162 |b BIB. MATEMATICA | ||
